| 000 | 01152cam a22003017i 4500 | ||
|---|---|---|---|
| 001 | 14843930 | ||
| 003 | EG-ScBUE | ||
| 005 | 20250526091119.0 | ||
| 008 | 070509s2007 njua f b 001 0 eng d | ||
| 020 | _a0470131535 | ||
| 020 | _a9780470131534 | ||
| 035 | _a(OCoLC)85440233 | ||
| 040 |
_aEG-ScBUE _beng _erda _cEG-ScBUE _dEG-ScBUE |
||
| 082 | 0 | 4 |
_a530.141 _222 _bSTR |
| 100 | 1 |
_aStratton, Julius Adams, _d1901-1994, _931484 _eauthor. |
|
| 245 | 1 | 0 |
_aElectromagnetic theory / _cby Julius Adams Stratton, professor of physics, Massachusetts Institute of Technology ; IEEE Antennas and Propagation Society, sponsor. |
| 264 | 1 |
_aHoboken, New Jersey : _bWiley-IEEE Press, _c2007. |
|
| 300 |
_axxiii, 615 pages : _billustrations ; _c25 cm. |
||
| 336 |
_2rdacontent _atext _btxt |
||
| 337 |
_aunmediated _2rdamedia _bn |
||
| 338 |
_avolume _bnc _2rdacarrier |
||
| 490 | 0 | _aIEEE Press series on electromagnetic wave theory | |
| 504 | _aIncludes bibliographical references and index. | ||
| 650 | 7 |
_aElectromagnetic theory. _931485 _2BUEsh |
|
| 655 | _vReading book | ||
| 710 | 2 |
_aIEEE Antennas and Propagation Society, _931455 _esponsor. |
|
| 942 |
_2ddc _cBB |
||
| 999 |
_c17112 _d17084 |
||